[Event "AUT-ch U08"]
[Site "Schladming"]
[Date "2012.06.09"]
[Round "4.2"]
[White "Wernisch, Eduard"]
[Black "Kortschak, Robin"]
[Result "1/2-1/2"]
[WhiteElo "1122"]
[BlackElo "1134"]
[PlyCount "66"]
[EventDate "2012.06.08"]
[EventType "swiss"]
[EventRounds "7"]
[EventCountry "AUT"]
[SourceTitle "EXT 2024"]
[Source "ChessBase"]
[SourceDate "2023.10.10"]
[SourceVersion "1"]
[SourceVersionDate "2023.10.10"]
[SourceQuality "1"]

1. c4 e5 2. d3 Nc6 3. Nf3 Nf6 4. g3 g6 5. Bg2 Bg7 6. Nc3 0-0 7. 0-0 d6 8. Bg5 h6 9. Be3 d5 10. cxd5 Nxd5 11. Nxd5 Qxd5 12. Nd2 Qe6 13. Nc4 Rd8 14. Qc2 Nb4 15. Qb3 Nd5 16. Rad1 Nb6 17. Nxb6 axb6 18. Qxe6 Bxe6 19. a3 Bg4 20. f3 Be6 21. f4 exf4 22. Bxf4 Bg4 23. Bf3 Bh3 24. Bg2 Bxg2 25. Kxg2 g5 26. Bxc7 Re8 27. Bxb6 Rxe2+ 28. Kg1 Rxb2 29. Bc5 Rc2 30. d4 Bf8 31. Bxf8 Rxf8 32. Rf3 Re8 33. d5 Ree2 1/2-1/2

[Event "AUT-ch U08"]
[Site "Schladming"]
[Date "2012.06.08"]
[Round "2.3"]
[White "Iro, Stefan"]
[Black "Kortschak, Robin"]
[Result "0-1"]
[WhiteElo "973"]
[BlackElo "1134"]
[PlyCount "74"]
[EventDate "2012.06.08"]
[EventType "swiss"]
[EventRounds "7"]
[EventCountry "AUT"]
[SourceTitle "EXT 2024"]
[Source "ChessBase"]
[SourceDate "2023.10.10"]
[SourceVersion "1"]
[SourceVersionDate "2023.10.10"]
[SourceQuality "1"]

1. e4 e5 2. Nf3 Nc6 3. Bc4 Nf6 4. Ng5 d5 5. Nxf7 Kxf7 6. Bxd5+ Nxd5 7. exd5 Qxd5 8. 0-0 Ne7 9. Nc3 Qc6 10. Qe2 b6 11. d3 Bb7 12. f3 Nd5 13. Nxd5 Qxd5 14. c4 Bc5+ 15. Be3 Qe6 16. a3 Bxe3+ 17. Qxe3 Qg6 18. Rad1 h5 19. Qxe5 h4 20. Qxc7+ Kf6 21. h3 Rab8 22. Rde1 Rhc8 23. Qe7+ Kf5 24. g4+ Kf4 25. Re6 Qxd3 26. Qxh4 Bxf3 27. Re7 Rf8 28. Rxg7 Qe2 29. Qf2 Qxf2+ 30. Rxf2 Kg3 31. Rxa7 Rbe8 32. Rf1 Re2 33. b4 Rg2+ 34. Kh1 Re8 35. Ra1 Ree2 36. c5 Rh2+ 37. Kg1 Rh1# 0-1